| 000 | 00687cam a22002051 4500 | ||
|---|---|---|---|
| 001 | med47000412 | ||
| 003 | DLC | ||
| 005 | 20260227111559.0 | ||
| 008 | 810815s1944 xx a 000 0 fre | ||
| 010 | _amed47000412 | ||
| 035 | _a(OCoLC)14749220 | ||
| 040 |
_aDLC _cDNLM _dDLC |
||
| 042 | _apremarc | ||
| 050 | 0 | 0 |
_aRC951 _b.C6 |
| 060 | 0 |
_aWE 880 _bC861 1944 |
|
| 245 | 0 | 0 |
_aCours supérieur de podologie, _corganisé par l'enseignement des hôpitaux libres sous le haut patronage de mm. les ministres de la santé publique et du travail et la présidence de ... René Leriche ... |
| 260 |
_aParis, _bVigot, _c1944. |
||
| 300 |
_a179 p. _bill. |
||
| 700 | 1 |
_aLeriche, René, _d1879-1955. |
|
| 999 |
_c38067 _d38067 |
||